00512nam a2200193 a 4500001001300000003000900013005001700022008004100039020002300080082001500103100001900118245004600137260003700183300000900220500003500229505001000264650002500274700001900299nice12345678IN_TiNIC20260116014145.0050524s2004 dela grp 000 0 eng  a8170992 c25000a306.6bPOH aPohlong, Basil aCulture and Religionb a Conceptual Study aDelhibMittal Publication c2004 a124p aincludes index and biblioraphy2 aIndex aReligion and Culture1 aPohlong, Basil